Roberto Fernández Retamar y los estudios culturales en América Latina /
Uloženo v:
| Hlavní autoři: | , |
|---|---|
| Médium: | Kniha |
| Jazyk: | Spanish |
| Vydáno: |
La Habana, Cuba:
Instituto Cubano del Libro,
|
| Témata: | |
| Tagy: |
Přidat tag
Žádné tagy, Buďte první, kdo vytvoří štítek k tomuto záznamu!
|
MARC
| LEADER | 00000nam a22000007a 4500 | ||
|---|---|---|---|
| 008 | 140930s2009 cu ||||| |||| 00| b|spa d | ||
| 022 | |a 0047-1542 | ||
| 040 | |a CIICLA | ||
| 090 | |a Isla: revista | ||
| 100 | 1 | |a Marrero Fernández, Marilys | |
| 100 | 1 | |a Denis Pino, Yuliana | |
| 245 | 1 | 2 | |a Roberto Fernández Retamar y los estudios culturales en América Latina / |c Marilys Marrero Fernández, Yuliana Denis Pino |
| 260 | |a La Habana, Cuba: |b Instituto Cubano del Libro, | ||
| 300 | |a 136-162 | ||
| 650 | 1 | 4 | |a ESTUDIOS CULTURALES |z AMERICA LATINA |
| 773 | 0 | |g Número 51 (162): 136-162 ; octubre - diciembre, 2009 |q 136-162 |t Islas : revista de la Universidad Central de Las Villas, Santa Clara, Cuba. | |
| 942 | |2 ddc |c ARC | ||
| 999 | |c 3535 |d 3535 | ||
